000 00329nam a2200109Ia 4500
008 220214s9999 xx 000 0 und d
100 _aLoan LD
245 0 _aCrosslinking efficiencies of dicumyl peroxide in unsaturated synthetic rubbers
260 _bJournal of Applied Polymer Science
_c1963
300 _a2259-2268
942 _cRE
999 _c45475
_d45475